000 00253nam a2200097Ia 4500
001 644228
005 20250826153600.0
008 250824s9999 xx 000 0 und d
245 0 _aROBIN HOOD GENÇLİK KLASİKLERİ
_cHOWARD PYLE
260 _bTİMAŞ ÇOCUK
999 _c644228
_d644228